000 00983nam a2200289Ia 4500
003 OSt
005 20221007122037.0
006 a|||||r|||| 00| 0
007 ta
008 221006b |||||||| |||| 00| 0 eng d
020 _a1405136464 (hbd)
_cRs.3452.34
024 _a76973
037 _b203/06-07, 07/03/2007, N R Book Distributors
_cTextual
040 _aBDL
_cBDL
_beng
041 _2eng
_aeng
082 _aJ:6, P7 Carb
100 _aAcquaah George
_9421326
245 0 _aPrinciples of plant genetics and breeding
260 _aAustralia
_bBlackwell Publishing
_c2007
300 _axii, 569p.
_ccm.
500 _aIncludes bibliographical references.; Glossary 556-560p.; Appendix 1-2, 570-563p.; Index 564-569p.
650 _a Plant breeding
650 _a Plant genetics
_9421327
650 _aAgriculture
942 _hJ:6, P7 Carb
_cTEXL
_2CC
999 _c1209710
_d1209710